Vista normal Vista MARC

Entrada Personal Name

Número de registros utilizados en: 2

001 - CONTROL NUMBER

  • control field: 63387

003 - CONTROL NUMBER IDENTIFIER

  • control field: OSt

005 - DATE AND TIME OF LATEST TRANSACTION

  • control field: 20250825163901.0

008 - FIXED-LENGTH DATA ELEMENTS

  • fixed length control field: 250825|| aca||aabn | a|a d

040 ## - CATALOGING SOURCE

  • Original cataloging agency: OSt
  • Transcribing agency: OSt

100 ## - HEADING--PERSONAL NAME

  • Personal name: Díaz Plaja, Aurora,
  • Dates associated with a name: 1913-2003

670 ## - SOURCE DATA FOUND

  • Source citation: Work cat.: (OSt)58506: Menotti, Gian-Carlo, 1911-2007 63386, Amahl y los reyes magos /









Instituto Departamental de Cultura del Meta - Red Departamental de Bibliotecas Públicas del Meta.